Proč není luxusem dobře platit za dobrou práci

Napätie na trhu práce v Česku - nedostatok zamestnancov vo všetkých profesiách. Jednou z ciest ako ich získať je politika zvyšovania miezd a poskytovania rôznych výhod. Kto chce získať prvotriedneho pracovníka, nesmie ľutovať čas ani peniaze.

Gespeichert in:
Bibliographische Detailangaben
1. Verfasser: Vostrovská, Zdenka
Format: Buchkapitel
Sprache:Tschechisch
Schlagworte:
Tags: Tag hinzufügen
Keine Tags, Fügen Sie das erste Tag hinzu!

MARC

LEADER 00000naa$a2200000$$$4500
001 0071449
005 20231113131412.0
041 0 |a cze 
044 |a CZ 
245 1 0 |a Proč není luxusem dobře platit za dobrou práci  |c Zdenka Vostrovská 
520 |a Napätie na trhu práce v Česku - nedostatok zamestnancov vo všetkých profesiách. Jednou z ciest ako ich získať je politika zvyšovania miezd a poskytovania rôznych výhod. Kto chce získať prvotriedneho pracovníka, nesmie ľutovať čas ani peniaze. 
610 2 0 |a pracovníci kvalifikovaní 
610 2 0 |a odmeňovanie 
610 2 0 |a Česko 
610 2 0 |a trh práce 
100 1 |a Vostrovská, Zdenka